Use of symbols in Alice in Wonderland bakalárska práca

Saved in:
Bibliographic Details
Main Author: Firčová, Martina
Corporate Author: Fakulta aplikovaných jazykov EU v Bratislave. Katedra interkultúrnej komunikácie
Other Authors: Biliková, Beáta, 1971-
Format: Book
Language:English
Published: Bratislava 2014
Tags: Add Tag
No Tags, Be the first to tag this record!

MARC

LEADER 00000nbm a2200000 4500
001 0187007
005 20170201084643.3
041 0 |a eng 
044 |a SK 
245 1 0 |a Use of symbols in Alice in Wonderland  |b bakalárska práca  |c Martina Firčová ; školiteľ: Beáta Biliková 
264 1 |a Bratislava  |c 2014 
300 |a 55 s. 
100 1 |a Firčová, Martina 
700 1 |a Biliková, Beáta, 1971- 
710 2 |a Fakulta aplikovaných jazykov EU v Bratislave. Katedra interkultúrnej komunikácie